| 000 | 01130nam a22003257a 4500 | ||
|---|---|---|---|
| 001 | BR9606112 | ||
| 003 | BR-BrBNA | ||
| 005 | 20230928095245.0 | ||
| 007 | ta | ||
| 008 | 230509b bl.||||| |||| 00| 0 por d | ||
| 040 |
_aBR-BrBNA _bpor _cBiblioteca Nacional de Agricultura |
||
| 041 | _a(Por) | ||
| 072 |
_aF08; H60 _b1720 _b1530 _b1520 |
||
| 090 | _ 1720 BR9606112 | ||
| 100 | 1 | _aMueller, S. | |
| 110 | 1 |
_aUniversidade Estadual Paulista Julio de Mesquita Filho, Jaboticabal, SP (Brasil). Faculdade de Ciencias Agrarias e Veterinarias _0Tese (Doutor em Agronomia) |
|
| 245 | 1 | _aProdutividade e rentabilidade dos consorcios de alho-cenoura e alho-beterraba submetidos a distintos sistemas de controle das plantas daninhas | |
| 260 | 3 |
_aJaboticabal, SP (Brasil): _c1996. |
|
| 300 | _a209 p. | ||
| 500 | _aSummaries (Eng, Por); Bibliography p. 182-195; 88 tables | ||
| 650 | _aAlho | ||
| 650 | _aCenoura | ||
| 650 | _aBeterraba | ||
| 650 | _aConsorciacao de Cultura | ||
| 650 | _aErva Daninha | ||
| 650 | _aRendimento | ||
| 650 | _aCompeticao de Variedade | ||
| 909 |
_a202309 _bLucia _c55 _dLucia Elande |
||
| 942 | _cBK | ||
| 999 |
_c55468 _d55468 |
||